000 00436nam a2200181Ia 4500
003 LK-CoDNM
005 20231014105330.0
008 010623t1823 xxu||||| |||| 00| 1 eng d
040 _aLK-CoDNM
_dLK-CoDNM
_eLK-CoDNM
041 _aeng
080 _a12 F3
100 _aHoltrop,J.
245 _aEnglish and Dutch Dictionary
260 _bBlusse En Van Bream
_c1823
300 _b1032p.,20 cm
700 _aStevenson,A.
942 _cBK
999 _c81012
_d81012